|
|
|
|
| LEADER |
02964nam a2200385Ka 4500 |
| 001 |
bslw06321286 |
| 003 |
UtOrBLW |
| 005 |
20101115152719.0 |
| 006 |
m d |
| 007 |
cr un||||||||| |
| 008 |
101115s2001 enk o 000 0 eng d |
| 020 |
|
|
|a 9781849500302 (electronic bk.) :
|c £66.95 ; €97.95 ; $118.95
|
| 040 |
|
|
|a UtOrBLW
|c UtOrBLW
|d GrThAP
|
| 050 |
|
4 |
|a HD60
|b .A38 2001
|
| 072 |
|
7 |
|a KFCP
|2 bicssc
|
| 072 |
|
7 |
|a FIN
|2 bicssc
|
| 072 |
|
7 |
|a BUS001000
|2 bisacsh
|
| 080 |
|
|
|a 330.53
|
| 082 |
0 |
4 |
|a 658.408
|2 22
|
| 245 |
0 |
0 |
|a Advances in accountability
|h [electronic resource] :
|b regulation, research, gender and justice /
|c edited by Cheryl R. Lehman.
|
| 260 |
|
|
|a Bingley, U.K. :
|b Emerald,
|c 2001.
|
| 300 |
|
|
|a 1 online resource (viii, 283 p.).
|
| 490 |
1 |
|
|a Advances in public interest accounting,
|x 1041-7060 ;
|v v. 8
|
| 505 |
0 |
|
|a Gender orientation, success and job satisfaction in accounting academia / Darlene Bay, Mary F. Allen, Joyce Njoroge -- Applying critical discourse analysis : struggles over takeovers legislation in New Zealand / Sonja Gallhofer, Jim Haslam, Juliet Roper -- Flat tax proposals : a current review, with a history of the arguments pro and con / Larissa S. Kyj, George C. Romeo, Paul S. Marshall -- Sustaining a habitus / T.A. Lee -- The association between corporate environmental and financial performance / Nikos Vafeas, Vasoulla Nikolaou -- Accounting for pollution : the effects of emissions trading / S. Douglas Beets -- Measurement of corporate environmental performance : the role of regulatory enforcement policies in the oil and gas industry / Kiran Verma, Vicki Milledge, David Wiest -- An investigation of perceived discrimination and career advancement curtailment : the African-American female accountant's perspective / Ida Robinson-Backmon, Leslie Weisenfeld -- Commentary on : African-American female accountants : the stories and the statistics / Theresa A. Hammond -- Commentary on : an investigation of perceived discrimination and career advancement curtailment : the African-American female accountant's perspective / Ruth Ann McEwen -- Arbitrators' perceptions of accounting data in assessing ability to pay / Russell Craig, Joel Amernic -- Communication networks of women and men in a public accounting firm : a comparative analysis / Mary Anne Gaffney, Ruth Ann McEwen, Mary Jeanne Welsh.
|
| 520 |
|
|
|a This eighth volume in the series deals with a variety of topics in the field of advances in public interest accounting.
|
| 650 |
|
7 |
|a Business & Economics
|x Accounting
|x General.
|2 bisacsh
|
| 650 |
|
7 |
|a Public finance accounting.
|2 bicssc
|
| 650 |
|
0 |
|a Social accounting.
|
| 650 |
|
0 |
|a Industries
|x Social aspects.
|
| 650 |
|
0 |
|a Accounting
|x Social aspects.
|
| 700 |
1 |
|
|a Lehman, Cheryl R.
|
| 776 |
1 |
|
|z 9780762305186
|
| 830 |
|
0 |
|a Advances in public interest accounting ;
|v v. 8.
|
| 856 |
4 |
0 |
|u http://www.emeraldinsight.com/1041-7060/8
|z Full Text via HEAL-Link
|
| 913 |
|
|
|1 BMEbacklist
|